Normal view
MARC view
- Conboy Ken
Entry Personal Name
001 - CONTROL NUMBER
- control field: 48783
003 - CONTROL NUMBER IDENTIFIER
- control field: NUST
005 - DATE AND TIME OF LATEST TRANSACTION
- control field: 20210314134136.0
008 - FIXED-LENGTH DATA ELEMENTS
- fixed length control field: 210314|| aca||aabn | a|a d
040 ## - CATALOGING SOURCE
- Original cataloging agency: NUST
- Transcribing agency: NUST
100 ## - HEADING--PERSONAL NAME
- Personal name: Conboy Ken
670 ## - SOURCE DATA FOUND
- Source citation: Work cat.: (NUST): Conboy Ken., Elite Forces of India and Pakistan, c1992.
